000 00829nam a2200253Ia 4500
003 OSt
005 20220923215857.0
006 a|||||r|||| 00| 0
007 ta
008 220922b |||||||| |||| 00| 0 hin d
024 _a182,447
037 _cTextual
040 _aARTS
_cARTS
_bhin
041 _2hin
_ahin
082 _aO152,1N12x, L9
100 _aशर्मा, रामविलास
245 0 _aकविता में सुबह
246 _aKavitā mean subaha
260 _aभोपाल
_b मध्यप्रदेश साहित्य परिषद्
_c1979
300 _a88 पृ.
_ccm.
650 _aहिन्दी साहित्य
_9156264
942 _hO152,1N12x, L9
_cTEXL
_2CC
999 _c335811
_d335811